Kraje Bałkańskie - Statystyki

Ogólne statystyki
  • Ten quiz został rozwiązany 33 razy
    20 od ostatniego zresetowania
  • Średni wynik to 8 z 10
Statystyki odpowiedzi
Hint Odpowiedź % Poprawnych
6. Grecja
100%
10. Serbia
100%
1. Albania
93%
4. Chorwacja
93%
5. Czarnogóra
93%
3. Bułgaria
86%
7. Kosowo
86%
8. Macedonia Północna
86%
9. Rumunia
86%
2. Bośnia i Herzegowina
0%
Nie znaleziono quizów pasujących do podanych kryteriów
Rozkład punktacji
Procent ludzi z każdym wynikiem
Percentyl według liczby udzielonych odpowiedzi
Twoja historia wyników
Nie rozwiązałeś tego quizu od ostatniego zresetowania